000 00653nam a2200289Ia 4500
005 20260324142017.0
008 008 260324s9999 xx 000 0 eng d
020 _a9781315285535
037 _aEBOOK
040 _aCRL
040 _beng
040 _cCRL
041 _2eng
041 _aeng
084 _qCRL
100 _aDonald Kirk
_91202737
245 0 _aTell it to the Dead
245 0 _bMemories of a War
260 _bTaylor and Francis
260 _c1996
365 _a
365 _b170
856 _uhttp://www.taylorfrancis.com/books/9781315285535
942 _cEBOOK
999 _c1814053
_d1814053